00596nam a22002177a 450000500170000001000150001702000230003202000260005503500130008103500130009403700150010703700170012208200080013908200150014710000200016224500390018226000460022127000620026730000300032950000190035920140606105618.0 aENG-106564 a0198075367c195.00 a9780198075363c195.00 aEN-90097 aB-506663 bDBAD / PUB bBSB/Venadpl a307 a307.760954 aShaw, Annapurna aIndian cities /cby Annapurna Shaw aNew Delhi bOxford University Pressc2012 aYMCA Library Building, Jai Singh RoadbNew Delhi e110001 axxxii, 200p.c20cm (pbk)  aIncludes index